[Event "Buryatia-ch 3rd"]
[Site "Ulan-Ude"]
[Date "2015.01.09"]
[Round "9"]
[White "Dashiev, Kim"]
[Black "Baldarov, Aur"]
[Result "1/2-1/2"]
[WhiteElo "2041"]
[BlackElo "1911"]
[PlyCount "160"]
[EventDate "2015.01.05"]
[EventType "swiss"]
[EventRounds "9"]
[EventCountry "RUS"]
[SourceTitle "CBM 164 Extra"]
[Source "ChessBase"]
[SourceDate "2015.03.02"]
[SourceVersion "1"]
[SourceVersionDate "2015.03.02"]
[SourceQuality "1"]

1. Nf3 c5 2. c4 g6 3. e3 Bg7 4. d4 cxd4 5. exd4 d5 6. cxd5 Nf6 7. Bb5+ Bd7 8. Bc4 Bg4 9. Nc3 0-0 10. h3 Bxf3 11. Qxf3 Nbd7 12. 0-0 Nb6 13. Bb3 Qd7 14. Bg5 Rfd8 15. Rfe1 Nbxd5 16. Nxd5 Nxd5 17. Bxe7 Re8 18. Bh4 Nb4 19. Bf6 Bxf6 20. Qxf6 Nc6 21. Rad1 Na5 22. Rxe8+ Rxe8 23. Qf3 Nxb3 24. Qxb3 b6 25. d5 Qd6 26. Qc4 Re5 27. b4 Rf5 28. b5 Rf4 29. Rd4 Rf5 30. Rd1 Rf4 31. Qc6 Rf6 32. Qxd6 Rxd6 33. f4 Kf8 34. Kf2 Ke7 35. Ke3 Rd7 36. Rd3 Kd6 37. Kd4 Rc7 38. Ra3 h5 39. Ra4 Rc5 40. Rxa7 Rxd5+ 41. Kc4 Rf5 42. a4 Rxf4+ 43. Kd3 Rf2 44. Ke3 Rxg2 45. Rxf7 Rg3+ 46. Kd4 Rxh3 47. Rf6+ Kc7 48. Rc6+ Kb7 49. Rxg6 Rh1 50. Rg7+ Kb8 51. Kd5 Rc1 52. Kd6 Rc4 53. Rh7 h4 54. Kd5 Rc5+ 55. Kd4 Rc8 56. Rxh4 Rc7 57. Kd5 Kb7 58. Kd6 Rg7 59. Re4 Rg6+ 60. Re6 Rg1 61. Re7+ Kb8 62. Rd7 Rc1 63. Kd5 Rc5+ 64. Kd4 Rc1 65. Re7 Rc8 66. Re3 Kb7 67. Rc3 Rd8+ 68. Kc4 Rc8+ 69. Kb4 Rh8 70. Rc4 Rh7 71. Rg4 Rf7 72. Re4 Rc7 73. Rd4 Rc8 74. Rd7+ Kb8 75. a5 bxa5+ 76. Kxa5 Rh8 77. Ka6 Rh6+ 78. b6 Rh8 79. Rb7+ Ka8 80. Rg7 Kb8 1/2-1/2

[Event "Buryatia-ch 3rd"]
[Site "Ulan-Ude"]
[Date "2015.01.06"]
[Round "3"]
[White "Dashiev, Kim"]
[Black "Irinchinov, Vladimir"]
[Result "0-1"]
[WhiteElo "2041"]
[BlackElo "1993"]
[PlyCount "96"]
[EventDate "2015.01.05"]
[EventType "swiss"]
[EventRounds "9"]
[EventCountry "RUS"]
[SourceTitle "CBM 164 Extra"]
[Source "ChessBase"]
[SourceDate "2015.03.02"]
[SourceVersion "1"]
[SourceVersionDate "2015.03.02"]
[SourceQuality "1"]

1. Nf3 d5 2. c4 d4 3. e3 Nc6 4. exd4 Nxd4 5. Nxd4 Qxd4 6. Nc3 c6 7. Be2 Nf6 8. d3 Bg4 9. Be3 Bxe2 10. Qxe2 Qg4 11. f3 Qh4+ 12. g3 Qh5 13. 0-0 e6 14. d4 Bb4 15. a3 Bxc3 16. bxc3 0-0 17. Kg2 Qa5 18. Qc2 b5 19. Qb3 bxc4 20. Qxc4 Nd5 21. Bd2 Nb6 22. Qxc6 Rac8 23. Qe4 Nc4 24. Be1 Rb8 25. Rf2 Qa4 26. g4 Rb3 27. Rfa2 Rfb8 28. Kh3 h6 29. Qf4 R8b5 30. Qe4 Rd5 31. Kg2 Rd8 32. Kh1 Rdb8 33. f4 Rb2 34. Rxb2 Rxb2 35. f5 exf5 36. gxf5 Nd6 37. Qd3 Qb3 38. d5 Qa4 39. Bg3 Ne4 40. Rb1 Rd2 41. Qf3 Qc2 42. Re1 Nxg3+ 43. hxg3 Rf2 44. Qh5 Qd2 45. Rd1 Qc2 46. Re1 Qxc3 47. Rg1 Qd3 48. Qd1 Qe4+ 0-1

[Event "Buryatia-ch"]
[Site "Russia"]
[Date "2014.10.02"]
[Round "7"]
[White "Maximov, Vadim"]
[Black "Dashiev, Kim"]
[Result "0-1"]
[WhiteElo "1836"]
[BlackElo "2059"]
[PlyCount "66"]
[EventDate "2014.09.27"]
[EventType "swiss"]
[EventRounds "9"]
[EventCountry "RUS"]
[SourceTitle "EXT 2015"]
[Source "ChessBase"]
[SourceDate "2014.11.20"]
[SourceVersion "1"]
[SourceVersionDate "2014.11.20"]
[SourceQuality "1"]

1. e4 c5 2. Nf3 Nc6 3. d4 cxd4 4. Nxd4 e6 5. Nb5 Nf6 6. N1c3 Bb4 7. a3 Bxc3+ 8. Nxc3 d5 9. exd5 exd5 10. Bd3 0-0 11. 0-0 d4 12. Bg5 dxc3 13. bxc3 h6 14. Bh4 Ne5 15. f4 Bg4 16. Qb1 Ng6 17. Be1 Nd5 18. f5 Ne5 19. Be4 Be2 20. Rf2 Ba6 21. Bxd5 Qxd5 22. f6 Ng4 23. fxg7 Rfe8 24. Rf3 Re2 25. Qc1 Rae8 26. Bg3 Rxg2+ 27. Kxg2 Re2+ 28. Kg1 Qxf3 29. Qf1 Qe3+ 30. Kh1 b6 31. Qg2 Rxg2 32. Kxg2 Bb7+ 33. Kf1 Qd2 0-1

[Event "Ulan-Ude Bajkal op 11th"]
[Site "Ulan-Ude"]
[Date "2014.07.29"]
[Round "7"]
[White "Badmaev, Aldar"]
[Black "Dashiev, Kim"]
[Result "0-1"]
[WhiteElo "1938"]
[BlackElo "2082"]
[PlyCount "84"]
[EventDate "2014.07.20"]
[EventType "swiss"]
[EventRounds "9"]
[EventCountry "RUS"]
[SourceTitle "EXT 2015"]
[Source "ChessBase"]
[SourceDate "2014.11.20"]
[SourceVersion "1"]
[SourceVersionDate "2014.11.20"]
[SourceQuality "1"]

1. Nf3 c5 2. g3 Nf6 3. Bg2 g6 4. 0-0 Bg7 5. d3 0-0 6. c4 Nc6 7. Nc3 d6 8. e4 Bg4 9. h3 Bxf3 10. Bxf3 Rb8 11. Be3 a6 12. a4 Nd7 13. Bg2 Re8 14. Qd2 Nf8 15. Rab1 Ne6 16. Ne2 b5 17. cxb5 axb5 18. b3 Qd7 19. Nc3 Ned4 20. Rfc1 bxa4 21. bxa4 Nb3 22. Qd1 Nxc1 23. Rxb8 Rxb8 24. Qxc1 Rb3 25. Bd2 Nb4 26. Nb5 Rxd3 27. Bxb4 cxb4 28. Qc2 Ra3 29. Nxa3 bxa3 30. Bf1 Bd4 31. Kg2 d5 32. f3 e6 33. Bd3 Qd6 34. f4 Qb4 35. Qa2 Qxa4 36. exd5 exd5 37. Bb1 Qd1 38. Bxg6 hxg6 39. h4 Qg1+ 40. Kh3 Qh1+ 41. Kg4 f5+ 42. Kg5 Kf7 0-1

[Event "Buryatia-ch"]
[Site "Ulan-Ude"]
[Date "2013.01.08"]
[Round "9"]
[White "Andreev, Afrikan"]
[Black "Dashiev, Kim"]
[Result "1/2-1/2"]
[WhiteElo "2231"]
[BlackElo "2122"]
[PlyCount "81"]
[EventDate "2013.01.02"]
[EventType "swiss"]
[EventRounds "9"]
[EventCountry "RUS"]
[SourceTitle "CBM 152 Extra"]
[Source "ChessBase"]
[SourceDate "2013.02.25"]
[SourceVersion "1"]
[SourceVersionDate "2013.02.25"]
[SourceQuality "1"]

1. c4 e6 2. d4 d5 3. Nc3 c5 4. Nf3 Nc6 5. g3 Nf6 6. Bg2 Be7 7. cxd5 exd5 8. 0-0 0-0 9. Bg5 cxd4 10. Nxd4 h6 11. Be3 Bg4 12. Qc2 Qd7 13. Rfd1 Rfd8 14. Nxc6 bxc6 15. Na4 Qe6 16. Bd4 Bf8 17. f3 Bf5 18. Qd2 Re8 19. e3 Nd7 20. Rac1 Ne5 21. Bxe5 Qxe5 22. Rxc6 Bd7 23. Ra6 Bxa4 24. Rxa4 Bc5 25. Kh1 Bxe3 26. f4 Bxd2 27. fxe5 Rxe5 28. Rxd2 Re1+ 29. Bf1 Rxf1+ 30. Kg2 Rc1 31. Kf3 Rc5 32. Ra6 Rb5 33. b3 f6 34. h4 h5 35. Rd4 Kh7 36. Rd6 Ra5 37. Rd2 Rc8 38. R6xd5 Rcc5 39. Rxc5 Rxc5 40. b4 Rc3+ 41. Kf2 1/2-1/2

[Event "Buryatia-ch"]
[Site "Ulan-Ude"]
[Date "2013.01.05"]
[Round "5"]
[White "Brylev, Igor"]
[Black "Dashiev, Kim"]
[Result "1-0"]
[WhiteElo "2161"]
[BlackElo "2122"]
[PlyCount "111"]
[EventDate "2013.01.02"]
[EventType "swiss"]
[EventRounds "9"]
[EventCountry "RUS"]
[SourceTitle "CBM 152 Extra"]
[Source "ChessBase"]
[SourceDate "2013.02.25"]
[SourceVersion "1"]
[SourceVersionDate "2013.02.25"]
[SourceQuality "1"]

1. e4 c5 2. Nf3 e6 3. d4 cxd4 4. Nxd4 Nc6 5. Nc3 Qc7 6. g3 a6 7. Bg2 Nf6 8. 0-0 d6 9. Re1 Bd7 10. Nde2 Be7 11. h3 Rd8 12. g4 h6 13. Ng3 0-0 14. g5 hxg5 15. Bxg5 g6 16. Qd2 Bc8 17. Qf4 Nh7 18. Bxe7 Qxe7 19. Rad1 Ne5 20. Qh6 Qg5 21. Qxg5 Nxg5 22. Kh1 Ngf3 23. Re3 Nh4 24. Bf1 b5 25. b3 f5 26. f4 Bb7 27. Kg1 Nef3+ 28. Kf2 fxe4 29. Ngxe4 b4 30. Ne2 Nf5 31. Kxf3 e5 32. fxe5 Nd4+ 33. Kg3 dxe5 34. Nxd4 exd4 35. Bc4+ Kh8 36. Ree1 Rf5 37. Be6 Re5 38. Nf2 Rc5 39. Rd2 Rf8 40. Bg4 Rc3+ 41. Nd3 a5 42. Re7 Bc6 43. Kh4 Re8 44. Rxe8+ Bxe8 45. Re2 Bb5 46. Kg5 Kg7 47. Re7+ Kf8 48. Ra7 Rxc2 49. Nf4 d3 50. Nxg6+ Ke8 51. Ra8+ Kf7 52. Kh6 Be8 53. Ra7+ Kf6 54. Ra6+ Kf7 55. Be6+ Kf6 56. Bc4+ 1-0

[Event "Buryatia-ch"]
[Site "Ulan-Ude"]
[Date "2013.01.05"]
[Round "6"]
[White "Dashiev, Kim"]
[Black "Malanova, Aryuna"]
[Result "0-1"]
[WhiteElo "2122"]
[BlackElo "1885"]
[PlyCount "58"]
[EventDate "2013.01.02"]
[EventType "swiss"]
[EventRounds "9"]
[EventCountry "RUS"]
[SourceTitle "CBM 152 Extra"]
[Source "ChessBase"]
[SourceDate "2013.02.25"]
[SourceVersion "1"]
[SourceVersionDate "2013.02.25"]
[SourceQuality "1"]

1. Nf3 c5 2. c4 g6 3. Nc3 Bg7 4. g3 e5 5. d3 Ne7 6. Bg2 Nbc6 7. 0-0 0-0 8. Rb1 d6 9. a3 f5 10. Nd2 Be6 11. Nd5 Rb8 12. b4 cxb4 13. axb4 b5 14. Nxe7+ Nxe7 15. cxb5 Rxb5 16. Qa4 Qb8 17. Nc4 d5 18. Bg5 Nc8 19. Na5 h6 20. Bd2 Rb6 21. Rfc1 Nd6 22. Rc5 Nb7 23. Nxb7 Qxb7 24. Rbc1 Rf7 25. Qe8+ Kh7 26. Rc6 Re7 27. Rxb6 axb6 28. Qb5 e4 29. h4 Bd7 0-1

[Event "Ulan-Ude op"]
[Site "Ulan-Ude"]
[Date "2012.07.29"]
[Round "9"]
[White "Dashiev, Kim"]
[Black "Sharypov, Viktor"]
[Result "1-0"]
[WhiteElo "2127"]
[BlackElo "1789"]
[PlyCount "131"]
[EventDate "2012.07.24"]
[EventType "swiss"]
[EventRounds "9"]
[EventCountry "RUS"]
[SourceTitle "EXT 2013"]
[Source "ChessBase"]
[SourceDate "2012.11.22"]
[SourceVersion "1"]
[SourceVersionDate "2012.11.22"]
[SourceQuality "1"]

1. Nf3 d5 2. d4 Bf5 3. c4 e6 4. Nc3 Bb4 5. Bf4 Nf6 6. Qa4+ Nc6 7. e3 Bxc3+ 8. bxc3 0-0 9. Be2 h6 10. h3 Ne4 11. Rc1 a6 12. 0-0 Rb8 13. c5 Ne7 14. c4 Nc6 15. Rfd1 Ne7 16. Bh2 Rc8 17. Bd3 Re8 18. Qa3 Nc6 19. Rb1 Rb8 20. Rb2 Qc8 21. Rdb1 Rd8 22. Ne5 Ne7 23. c6 Nd6 24. Bxf5 Nexf5 25. g4 Nh4 26. cxb7 Rxb7 27. Rxb7 Nxb7 28. Qe7 f6 29. cxd5 fxe5 30. Qxh4 Rxd5 31. Bxe5 Rd7 32. g5 Nd6 33. Bxd6 hxg5 34. Qg4 Rxd6 35. Rc1 Rd5 36. Rc6 Rf5 37. Qe4 Rf6 38. Qe5 Qb7 39. Rxe6 Qb1+ 40. Kg2 Rf5 41. Re8+ Kh7 42. Qe4 Qxe4+ 43. Rxe4 Ra5 44. Re7 c6 45. Rc7 Rxa2 46. Rxc6 a5 47. Rc5 Kh6 48. Kg3 a4 49. Ra5 a3 50. Ra6+ g6 51. Ra7 Ra1 52. Kf3 a2 53. Ke4 Rh1 54. Rxa2 Rxh3 55. f3 Rh4+ 56. Ke5 Rh3 57. Ke4 Rh4+ 58. Kd3 Rh3 59. Rf2 Kh5 60. Ke4 Kh4 61. Rg2 Rh1 62. Rd2 Kg3 63. d5 Rh4+ 64. Ke5 Kxf3 65. d6 Rh1 66. d7 1-0

[Event "Ulan-Ude op"]
[Site "Ulan-Ude"]
[Date "2012.07.26"]
[Round "4"]
[White "Zubricheva, Daria"]
[Black "Dashiev, Kim"]
[Result "1-0"]
[WhiteElo "1845"]
[BlackElo "2127"]
[PlyCount "115"]
[EventDate "2012.07.24"]
[EventType "swiss"]
[EventRounds "9"]
[EventCountry "RUS"]
[SourceTitle "EXT 2013"]
[Source "ChessBase"]
[SourceDate "2012.11.22"]
[SourceVersion "1"]
[SourceVersionDate "2012.11.22"]
[SourceQuality "1"]

1. c4 e6 2. Nc3 d5 3. d4 c5 4. e3 Nf6 5. Nf3 Nc6 6. Be2 Be7 7. 0-0 0-0 8. a3 a6 9. dxc5 Bxc5 10. cxd5 exd5 11. b4 Bd6 12. Bb2 Be6 13. Rc1 Qe7 14. Na4 Ne4 15. Nd4 Ne5 16. f4 Nc4 17. Bxc4 dxc4 18. Nb6 c3 19. Bxc3 Rad8 20. Qc2 Nxc3 21. Qxc3 Bb8 22. Nxe6 Qxe6 23. Na4 Rfe8 24. Nc5 Qxe3+ 25. Qxe3 Rxe3 26. Nxb7 Rde8 27. Rf3 Rxf3 28. gxf3 Bxf4 29. Rc6 Ra8 30. Nc5 a5 31. b5 Be3+ 32. Kf1 Kf8 33. a4 Ke7 34. Ke2 Bf4 35. h3 Rd8 36. Nb3 g5 37. Ra6 Rc8 38. Kd3 Be5 39. Nxa5 Rc3+ 40. Ke4 Bf4 41. Nc6+ Kd6 42. Nd4+ Kd7 43. Nf5 Rc5 44. Ra7+ Kc8 45. Nd4 f5+ 46. Kd3 Be5 47. Nc6 Bc7 48. Ra8+ Kb7 49. Rh8 Kb6 50. Rxh7 Rd5+ 51. Kc4 Rd1 52. a5+ Kb7 53. b6 Rc1+ 54. Kd5 Rd1+ 55. Ke6 Rd6+ 56. Kxf5 Rd5+ 57. Kg4 Kxc6 58. Rxc7+ 1-0

[Event "Sibiria Region-ch"]
[Site "Barnaul"]
[Date "2011.05.23"]
[Round "4"]
[White "Loskutov, Oleg"]
[Black "Dashiev, Kim"]
[Result "1-0"]
[WhiteElo "2437"]
[BlackElo "2115"]
[PlyCount "65"]
[EventDate "2011.05.20"]
[EventType "swiss"]
[EventRounds "9"]
[EventCountry "RUS"]
[SourceTitle "EXT 2012"]
[Source "ChessBase"]
[SourceDate "2011.11.24"]
[SourceVersion "1"]
[SourceVersionDate "2011.11.24"]
[SourceQuality "1"]

1. e4 c5 2. Nf3 a6 3. Nc3 e6 4. d4 cxd4 5. Nxd4 Qc7 6. Bd3 Nf6 7. 0-0 Nc6 8. Be3 Be7 9. Kh1 d6 10. f4 Nxd4 11. Bxd4 e5 12. Be3 exf4 13. Bxf4 Be6 14. Qe2 0-0 15. Rae1 g6 16. Nd5 Bxd5 17. exd5 Rfe8 18. Qf3 Nh5 19. Be3 Bf8 20. g4 Ng7 21. Re2 Re7 22. Ref2 Rae8 23. Bg5 Re5 24. Bd2 R8e7 25. h4 Qd7 26. Bg5 f5 27. Bxe7 Bxe7 28. gxf5 Nxf5 29. Qh3 Qa4 30. Bxf5 gxf5 31. Rg2+ Kh8 32. Rfg1 h5 33. Qg3 1-0

[Event "Sibiria Region-ch"]
[Site "Novokuznetsk"]
[Date "2008.03.19"]
[Round "7"]
[White "Dashiev, Kim"]
[Black "Spirin, Alexandr"]
[Result "1-0"]
[WhiteElo "2148"]
[BlackElo "1909"]
[PlyCount "147"]
[EventDate "2008.03.13"]
[EventType "swiss"]
[EventRounds "9"]
[EventCountry "RUS"]
[SourceTitle "CBM 123 Extra"]
[Source "ChessBase"]
[SourceDate "2008.05.06"]
[SourceVersion "1"]
[SourceVersionDate "2008.05.06"]
[SourceQuality "1"]

1. Nf3 Nf6 2. c4 e6 3. d4 b6 4. Nc3 Bb4 5. e3 0-0 6. Bd3 Bb7 7. 0-0 Bxc3 8. bxc3 d6 9. Qc2 d5 10. Qe2 Nbd7 11. Rd1 Ne4 12. Bb2 f5 13. cxd5 exd5 14. Rac1 Rf6 15. c4 c6 16. Qc2 Rc8 17. Qa4 a5 18. cxd5 cxd5 19. Rxc8 Qxc8 20. Rc1 Rc6 21. Rxc6 Bxc6 22. Qb3 Qb7 23. Ne5 Nxe5 24. dxe5 Nc5 25. Qc2 Nxd3 26. Qxd3 Bd7 27. Qa3 Kf7 28. Bd4 Qc6 29. h3 Ke8 30. e6 Qxe6 31. Bxg7 Qe7 32. Qc3 b5 33. Bh6 Qf7 34. Qxa5 Ke7 35. Qb4+ Ke6 36. Bf4 Qe7 37. Qd4 Qf6 38. Qc5 Qe7 39. Qd4 Qf6 40. Qc5 Qe7 41. Qb6+ Kf7 42. Qh6 Kg8 43. Bd6 Qg7 44. Qh4 Kf7 45. Qe7+ Kg6 46. Qd8 Qf7 47. Be5 Qe6 48. f4 Kf7 49. a3 Be8 50. Qh4 Qg6 51. Kh2 Kf8 52. Bd4 Kf7 53. Bc5 Kg8 54. Qe7 Qf7 55. Qe5 Bd7 56. Bd4 Kf8 57. Qh8+ Qg8 58. Bc5+ Kf7 59. Qe5 Kg6 60. Bd4 Qf7 61. g4 h6 62. h4 h5 63. g5 Be6 64. Qh8 Qe7 65. Qh6+ Kf7 66. Qxh5+ Kf8 67. Qh8+ Bg8 68. Qh6+ Ke8 69. Qc6+ Qd7 70. Qa8+ Qd8 71. Qxd8+ Kxd8 72. g6 Ke7 73. h5 Kf8 74. h6 1-0